000 00287nam a22001337a 4500
008 181017b xxu||||| |||| 00| 0 eng d
020 _a9781554071470
041 _aeng
080 _24th
_a520
100 _a42
101 _aAST
245 _aNightwatch
_cDickinson,T
942 _2udc
_cBK
999 _c50040
_d50040